Cisco CCNA Exam # 640 - 507 Certification Guide ( DEPARTMENTAL ) (Record no. 5611)

MARC details
000 -LEADER
fixed length control field 00405nam a2200157Ia 4500
008 - FIXED-LENGTH DATA ELEMENTS--GENERAL INFORMATION
fixed length control field 221030s9999 xx 000 0 und d
020 ## - INTERNATIONAL STANDARD BOOK NUMBER
ISBN 8176354457
041 ## - LANGUAGE CODE
Language code of text/sound track or separate title
082 ## - DEWEY DECIMAL CLASSIFICATION NUMBER
Classification number 105.23
100 ## - MAIN ENTRY--AUTHOR NAME
Personal name Wendell Odom
245 #0 - TITLE STATEMENT
Title Cisco CCNA Exam # 640 - 507 Certification Guide ( DEPARTMENTAL )
260 ## - PUBLICATION, DISTRIBUTION, ETC. (IMPRINT)
Name of publisher Techmedia
Place of publication New Delhi
Year of publication 2000
300 ## - PHYSICAL DESCRIPTION
Number of Pages 818
650 ## - SUBJECT ADDED ENTRY--TOPICAL TERM
Topical Term CSE Departmental
942 ## - ADDED ENTRY ELEMENTS (KOHA)
Koha item type Books
Holdings
Accession Number Cost, normal purchase price Full call number Price effective from Koha item type Withdrawn / writtenoff status Materials specified (bound volume or other part) Damaged status Not for loan Permanent Location Current Location Shelving location Date acquired Lost/ Missing status department
BE 9470 499.00 105.23 10/30/2022 Books   Print     MIET Library, Jammu MIET Library, Jammu BL-Departmental, FL-, CUP-165, SH-1, R-1 03/12/2008   BE